| 000 | 01133nam a2200325 c 4500 | ||
|---|---|---|---|
| 999 |
_c134766 _d134766 |
||
| 003 | BLK | ||
| 005 | 20241114005504.0 | ||
| 008 | 180409b bul|||||r ||||||| ||bul|| | ||
| 010 | _aKNG00140683000 | ||
| 040 | _aBLK | ||
| 041 |
_aBUL _cBUL |
||
| 080 |
_aБългарска литература _b821.163.2 _x-1 _z821.163.2-1 |
||
| 100 |
_aГабе, Дора Петрова _gПоетеса и писателка. Преводачка от полски език. _d1886-1983 _qГабе, Изидора Петрова _9369524 |
||
| 139 |
_aГабе, Дора Петрова _bГ 13 |
||
| 245 | 1 | 0 |
_aВела _bПоема _cДора Габе. |
| 250 | _a2. прераб. и доп. изд. | ||
| 257 | _aBGR | ||
| 260 |
_aСофия _bБълг. писател _c1952 |
||
| 300 |
_a84 с. _c25 см |
||
| 380 | _aX | ||
| 500 | _a1. изд. 1946. - 3 100 тир. | ||
| 653 | _aВела Благоева | ||
| 852 | _aЦб 315 | ||
| 856 | 4 | _qpdf | |
| 856 | 4 | _qpdf | |
| 942 |
_cKNG _n0 _01 _s1 |
||
| 944 |
_aCR _c13.03.2013 _lCRON CRON _k |
||
| 944 |
_aED _c13.03.2013 _l13.03.2013 - от С1,Р / 13.03.2013 |
||
| 999 | _d134766 | ||